000 00558nam a22001697a 4500
999 _c16962
_d16962
008 180712b xxu||||| |||| 00| 0 eng d
020 _a0803618263
050 _aRB38.2
_b.V36 2009 c.1
100 _aVan Leeuwen, Anne
245 _aDavi's Comprehensive Handbook of Laboratory and Diagnostic tests with Nursing Implications
_cAnne M. Van Leeuwen
250 _a3rd ed.
260 _aPhiladelphia
_bDavis Company
_c2009
300 _axi, 1407p.
650 _aLaboratory Techniques and Procedures
650 _aNursing Diagnostic Methods
942 _2lcc
_cBK